Indian educational review (Record no. 173117)
[ view plain ]
| 000 -LEADER | |
|---|---|
| fixed length control field | 00483nam a2200205Ia 4500 |
| 003 - CONTROL NUMBER IDENTIFIER | |
| control field | OSt |
| 005 - DATE AND TIME OF LATEST TRANSACTION | |
| control field | 20230619151848.0 |
| 008 - FIXED-LENGTH DATA ELEMENTS--GENERAL INFORMATION | |
| fixed length control field | 210423s1991 xx 000 0 und d |
| 040 ## - CATALOGING SOURCE | |
| Transcribing agency | AL |
| 041 ## - LANGUAGE CODE | |
| Language code of text/sound track or separate title | eng |
| 082 ## - DEWEY DECIMAL CLASSIFICATION NUMBER | |
| Classification number | 370 |
| Edition number | 23 |
| Item number | SINI |
| 100 ## - MAIN ENTRY--PERSONAL NAME | |
| Personal name | MALHOTRA (S K),Ed |
| 9 (RLIN) | 113380 |
| 245 ## - TITLE STATEMENT | |
| Title | Indian educational review |
| 260 ## - PUBLICATION, DISTRIBUTION, ETC. | |
| Name of publisher, distributor, etc. | NCERT |
| Date of publication, distribution, etc. | 1991 |
| 365 ## - TRADE PRICE | |
| Currency code | INR |
| 440 ## - SERIES STATEMENT/ADDED ENTRY--TITLE | |
| Volume/sequential designation | 16, 1 |
| 650 ## - SUBJECT ADDED ENTRY--TOPICAL TERM | |
| Topical term or geographic name entry element | Education |
| 9 (RLIN) | 113381 |
| 906 ## - LOCAL DATA ELEMENT F, LDF (RLIN) | |
| a | educational ; Indian ; review |
| 942 ## - ADDED ENTRY ELEMENTS (KOHA) | |
| Source of classification or shelving scheme | Dewey Decimal Classification |
| Koha item type | Book |
| Withdrawn status | Lost status | Damaged status | Not for loan | Collection code | Home library | Current library | Date acquired | Total Checkouts | Full call number | Barcode | Date last seen | Price effective from | Koha item type | Public note |
|---|---|---|---|---|---|---|---|---|---|---|---|---|---|---|
| Discarded | MSW | St Aloysius PG Library | St Aloysius PG Library | 08/06/2002 | 370 SINI | PG019696 | 04/26/2021 | 04/26/2021 | Book | Discarded | ||||
| Discarded | MSW | St Aloysius PG Library | St Aloysius PG Library | 08/06/2002 | 370 SINI | PG019697 | 04/26/2021 | 04/26/2021 | Book | Discarded |